|
|
|
|
| LEADER |
00000naa a2200000 ar4500 |
| 001 |
vtls008987664 |
| 003 |
SK-MaSNL |
| 005 |
20260302100440.0 |
| 008 |
070510e2006 xo a ||b |||| ||cze |
| 015 |
|
|
|a SNBRA2007/05
|2 snkbucl
|
| 038 |
|
|
|a SNKBUCL
|
| 040 |
|
|
|a SNKBUCL
|b slo
|c SNKBUCL
|e AACR2
|
| 041 |
0 |
|
|a cze
|
| 044 |
|
|
|a xo
|c SK
|
| 080 |
|
|
|a 75.071.1
|2 1997
|
| 080 |
|
|
|a 929 Škréta, Karel
|2 1997
|
| 100 |
1 |
|
|a Dobalová, Sylvia
|4 aut
|9 771152
|
| 245 |
1 |
0 |
|a Mýtus o českém barokním umělci: Karel Škréta
|c Sylvia Dobalová
|
| 300 |
|
|
|b Fotogr.
|
| 504 |
|
|
|a Literatúra v poznámkach
|
| 600 |
1 |
7 |
|a Škréta, Karel,
|d 1610-1674
|2 snkbucl
|9 101433
|
| 773 |
0 |
|
|t Sociálne vedy a humanistika očami mladých
|d Bratislava : VEDA, 2006
|g S. 268-273
|z 8022409073
|
| 852 |
|
|
|a SNK
|b KIS3GCP
|
| 958 |
|
|
|a CZ
|
| 958 |
|
|
|a NB
|
| 958 |
|
|
|a BC
|
| 999 |
|
|
|c 1220129
|d 1222059
|